Un pays valable par continent - Statistiques

Statistiques générales
  • Ce quiz a été pris 242 fois
  • Le résultat moyen est 36 sur 42
Statistiques - réponses
Catégorie Réponses % Correct
Plus de 100M d'habitants AmN
97%
Plus de 100M d'habitants As
97%
Pays enclavé Af
96%
A plus de 100M d'habitants Af
96%
Plus de 100M d'habitants AmS
96%
Pays enclavé Eu
95%
Plus de 100M d'habitants Eu
95%
A accueilli les Jeux Olympiques modernes AmN
93%
A accueilli les Jeux Olympiques modernes Eu
93%
N'a pas de rouge sur le drapeau AmS
92%
N'a pas de rouge sur le drapeau Eu
92%
A accueilli les Jeux Olympiques modernes AmS
92%
A accueilli les Jeux Olympiques modernes As
92%
A accueilli les Jeux Olympiques modernes Oc
92%
Pays enclavé AmS
91%
Moins de 10.000 km² Eu
91%
Pays enclavé As
90%
A un nom (français) en 5 lettres Af
88%
N'a pas de rouge sur le drapeau As
87%
Moins de 10.000 km² Oc
87%
N'a pas de rouge sur le drapeau Af
86%
N'a pas de rouge sur le drapeau AmN
86%
A un nom (français) en 5 lettres As
85%
Partage une frontière avec un seul pays Eu
85%
A un nom (français) en 5 lettres AmS
84%
Partage une frontière avec un seul pays AmN
84%
A un nom (français) en 5 lettres Eu
83%
Fait moins de 10.000 km² Af
81%
Partage une frontière avec un seul pays AmS
81%
Moins de 10.000 km² AmN
80%
A un nom (français) en 5 lettres Oc
80%
N'a pas de rouge sur le drapeau Oc
79%
Moins de 10.000 km² As
78%
Partage une frontière avec un seul pays Af
77%
A une capitale en 2 mots As
73%
A une capitale en 2 mots Af
72%
A une capitale en 2 mots AmS
72%
A un nom (français) en 5 lettres AmN
71%
A une capitale en 2 mots AmN
71%
A une capitale en 2 mots Eu
71%
Partage une frontière avec un seul pays Oc
66%
A une capitale en 2 mots Oc
58%
Aucun quiz correspondant
Distribution des résultats
% des personnes avec chaque résultat
Percentile par nombre de réponses
Votre historique - résultats
Vous n’avez pas pris ce quiz